Statistiche per Lingue più diffuse in Europa su una mappa

Clicka qui per fare il quiz!

Statistiche generali

  • Questo quiz è stato fatto 954 volte
  • Il punteggio medio è 34 su 43

Risposte nella Mappa

Le risposte nella mappa del quiz sottostante sono codificate secondo una scala di colori dal rosso al verde in base alla % di persone che hanno risposto correttamente.
 

Statistiche sulle risposte

#lingua% Corretto
60 milinglese
99%
65 militaliano
99%
66 milfrancese
98%
106 milrusso
98%
38 milspagnolo
98%
10 milportoghese
97%
97 miltedesco
97%
11 milgreco
96%
5.4 milfinlandese
93%
4.7 milnorvegese
93%
4.7 milsiciliano
93%
32 milucraino
93%
9.1 milsvedese
91%
5.4 milalbanese
90%
5.6 milcroato
90%
5.7 milnapoletano
90%
39 milpolacco
90%
1.2 milsardo
90%
24 milrumeno
87%
5.5 mildanese
85%
22 milolandese
85%
9.0 milserbo
85%
2.1 milsloveno
85%
1.1 milestone
84%
1.7 millettone
83%
3.0 millituano
83%
3.3 milbielorusso
82%
10 milceco
82%
5.2 milslovacco
82%
7.8 milbulgaro
81%
13 milungherese
81%
12 milturco
80%
3.8 milveneto
80%
4.0 milcatalano
79%
1.4 milmacedone
78%
2.5 milbosniaco
74%
1.6 milpiemontese
73%
3.6 millombardo
72%
1.0 milkazako
34%
2.4 milgaliziano
30%
1.4 milceceno
16%
1.5 milromani
10%
1.1 milciuvascio
3%

Distribuzione punteggi

Percentile per numero di risposta

Percentuale di utenti per punteggio

I tuoi punteggi nel tempo

Non hai fatto questo quiz